| 000 | 01061nam0a22002651 4500 | ||
|---|---|---|---|
| 001 | RU\NLR\A1SV\91868 | ||
| 005 | 20251203171251.9 | ||
| 035 | _a(NLR Aleph) 009773220 | ||
| 090 |
_a10064309 _c10064309 |
||
| 100 | _a20090115d1920 u y0rusy50 ca | ||
| 101 | 0 | _arus | |
| 102 | _aRU | ||
| 200 | 1 |
_aУчебник для окружных военно-хозяйственных курсов по хлебопечению, сухарному и галетному производствам _fСост. зав. Моск. окр. воен.-хоз. курсами войск. инж. В.Микини _gГлав. упр. воен.-учеб. заведений |
|
| 210 |
_aМ. _cЛит.-изд. отд. Политупр. Реввоенсов. Респ. _d1920 |
||
| 215 |
_a62, [2] с. _cил. _d26 см |
||
| 620 | _dМосква | ||
| 700 | 1 |
_aМикини _bВ.К. _gВиктор Карлович |
|
| 801 | 0 |
_aRU _bNLR _c20090115 |
|
| 852 |
_aNLR _j37.59.1.260 |
||
| 899 | _aРГБ | ||
| 899 | _aРКП | ||
| 942 | _cBOOK | ||
| 980 | _aNB | ||
| 980 | _aA1SV | ||